000 00446nam a2200181Ia 4500
001 3112
005 20260306144856.0
008 260306t1984||||xx |||||||||||||| ||spa||
041 _aESP
082 _a254.9
_bR93
100 _aRuíz Giménez, Joaquín
_eAUT
245 0 _aIglesia, estado y sociedad en España. 1930-1982
260 _c1984
300 _a402 páginas :
_c21cm.
650 _aGEN
654 _aCHU
942 _cLIB
_dJUS
_fJUS
_2ddc
_n
999 _c3112
_d3112